Cơ học lượng tử

Tallennettuna:
Bibliografiset tiedot
Päätekijä: Đặng Quang Khang
Aineistotyyppi: Kirja
Kieli:Undetermined
Julkaistu: Hà Nội KHKT 1996
Aiheet:
Tagit: Lisää tagi
Ei tageja, Lisää ensimmäinen tagi!
Thư viện lưu trữ: Trung tâm Học liệu Trường Đại học Cần Thơ
LEADER 00575nam a2200217Ia 4500
001 CTU_21993
008 210402s9999 xx 000 0 und d
020 |b 62.000đ 
082 |a 530.12 
082 |b Kh106 
100 |a Đặng Quang Khang 
245 0 |a Cơ học lượng tử 
245 0 |c Đặng Quang Khang 
260 |a Hà Nội 
260 |b KHKT 
260 |c 1996 
526 |a Cơ học lượng tử 
526 |b TN668 
650 |a quantum theory 
904 |i Minh, 980226 
980 |a Trung tâm Học liệu Trường Đại học Cần Thơ